00345nam a2200121Ia 4500008004100000041000800041082001700049100001500066245004500081260005400126300003200180365001100212240624s9999 xx 000 0 und d aeng a658.4038 ADA aADAIR JOHN aDECISION MAKING AND PROBLEM SOLVING STRA c2008aNew DelhibKogan Page India Private limited aviii, : 110 : p. : cm. ; 22 cRSb33